Представление документа в формате RUSMARC

ПолеНазваниеЗначение
  Тип записи a
  Библиографический уровень m
001 Контрольный номер 1339ab8857344566ba8886397f8ec738
005 Дата корректировки 20140625023717.8
010 Индекс ISBN __
a ISBN 978-5-9916-1599-0
101 Язык документа 0_
a Язык текста rus
102 Страна публикации __
a Страна публикации RU
200 Заглавие и сведения об ответственности 1_
a Заглавие Ювенальное право Российской Федерации
b Общее обозначение материала Текст
200 Заглавие и сведения об ответственности 1_
e Сведения, относящиеся к заглавию учебник для магистров
200 Заглавие и сведения об ответственности 1_
f Первые сведения об ответственности А. М. Рабец
210 Выходные данные 1_
a Место издания М.
c Издательство Юрайт
d Дата издания 2012
215 Физическое описание __
a Объем 399 с.
225 Серия 2_
a Серия Магистр
610 Ключевые слова 0_
a Ключевые слова ювенальное право
a Ключевые слова ювенальные юридические технологиии
a Ключевые слова правовой статус несовершеннолетних
a Ключевые слова право на индивидуальность
a Ключевые слова гражданско-правовой статус несовешеннолетних
a Ключевые слова ювенальная юстиция в РФ
686 Индексы других классификаций __
a Классификационный индекс 67.404я73
700 Автор _1
a Фамилия Рабец
b Имя А. М.
801 Источник записи _0
a Страна RU
b Организация РУК
g Правила каталогизации PSBO
801 Источник записи _1
a Страна RU
b Организация РУК
g Правила каталогизации PSBO
852 Данные о местонахождении __
i Авторский знак Р 12
j Шифр хранения ББК 67.404
901 Тип документа __
t Тип документа m
937 Технологическая информация __
a Создатель записи (имя) Сюбаева
938 Служебная информация __
a Название организации Камчатский филиал
952 Тип литературы __
c Вид литературы учебник
952 Тип литературы __
b Гриф литературы для ВШ гриф МО